Magister noster : sborník statí věnovaných in memoriam prof. PhDr. Janu Havránkovi, CSc. = Festschrift in memoriam Prof. PhDr. Jan Havránek, Csc. = Studies dedicated to Prof. PhDr. Jan Havránek, Csc., in memoriam /
| Korporativní autor: | Univerzita Karlova. Ústav dějin a Archiv |
|---|---|
| Další autoři: | Svatoš, Michal, 1947-, Výzkumné centrum pro dějiny vědy při AV ČR a UK |
| Jazyk: | Němčina Čeština Angličtina |
| Vydáno: |
Praha : Karolinum, 2005 |
| Vydání: | Vyd. 1. |
| Témata: | |
| Externí odkaz: |
Digitalizovaný dokument
|
| Fyzický popis: |
628 s. ; 23 cm |
| Language note: |
Část. anglický a německý text, anglická a německá resumé |
| LEADER | 02703nam a2200601 a 4500 | ||
|---|---|---|---|
| 001 | nkc20051294265 | ||
| 003 | CZ PrNK | ||
| 005 | 20200626235007.0 | ||
| 007 | ta | ||
| 008 | 031202s2005 xr f 010 0dcze | ||
| 015 | |a cnb001294265 | ||
| 020 | |a 80-246-0753-0 |q (brož.) | ||
| 035 | |a (OCoLC)85149295 | ||
| 040 | |a OLA001 |b cze |d ABA001 | ||
| 041 | 0 | |a cze |a eng |a ger |b eng |b ger | |
| 043 | |a e-xr--- | ||
| 072 | 7 | |a 93/94 |x Dějiny (obecně) |2 Konspekt |9 8 | |
| 080 | |a 930-051 |2 MRF | ||
| 080 | |a 930 |2 MRF | ||
| 080 | |a 316.72/.75 |2 MRF | ||
| 080 | |a (062.552) |2 MRF | ||
| 080 | |a (082.2) |2 MRF | ||
| 245 | 0 | 0 | |a Magister noster : |b sborník statí věnovaných in memoriam prof. PhDr. Janu Havránkovi, CSc. = Festschrift in memoriam Prof. PhDr. Jan Havránek, Csc. = Studies dedicated to Prof. PhDr. Jan Havránek, Csc., in memoriam / |c k vydání připravil Michal Svatoš ... [et al.] |
| 246 | 3 | 0 | |a Sborník statí věnovaných in memoriam prof. PhDr. Janu Havránkovi, CSc. |
| 250 | |a Vyd. 1. | ||
| 260 | |a Praha : |b Karolinum, |c 2005 | ||
| 300 | |a 628 s. ; |c 23 cm | ||
| 500 | |a Nad názvem: Filozofická fakulta Univerzity Karlovy v Praze, Ústav dějin Univerzity Karlovy - Archiv Univerzity Karlovy, Výzkumné centrum pro dějiny vědy | ||
| 504 | |a Obsahuje bibliografie a bibliografické odkazy | ||
| 546 | |a Část. anglický a německý text, anglická a německá resumé | ||
| 550 | |a Vydavatel: Univerzita Karlova v Praze | ||
| 600 | 1 | 7 | |a Havránek, Jan, |d 1928-2003 |7 jk01040428 |2 czenas |
| 648 | 7 | |a 18.-20. století |7 ch757019 |2 czenas | |
| 648 | 7 | |a 20.-21. století |7 ch462155 |2 czenas | |
| 650 | 0 | 7 | |a historici |7 ph114665 |z Česko |y 20.-21. století |2 czenas |
| 650 | 0 | 7 | |a historiografie |7 ph114672 |2 czenas |
| 650 | 0 | 7 | |a kultura a společnost |7 ph122010 |y 18.-20. století |2 czenas |
| 650 | 0 | 9 | |a historians |z Czechia |y 20th-21st centuries |2 eczenas |
| 650 | 0 | 9 | |a historiography |2 eczenas |
| 650 | 0 | 9 | |a culture and society |y 18th-20th centuries |2 eczenas |
| 655 | 7 | |a sborníky |7 fd724344 |2 czenas | |
| 655 | 7 | |a jubilejní publikace |7 fd131839 |2 czenas | |
| 655 | 9 | |a papers |2 eczenas | |
| 655 | 9 | |a jubilee books |2 eczenas | |
| 700 | 1 | |a Svatoš, Michal, |d 1947- |7 jk01121869 |4 edt | |
| 710 | 2 | |a Univerzita Karlova. |b Ústav dějin a Archiv |7 kn20010710037 | |
| 710 | 2 | |a Výzkumné centrum pro dějiny vědy při AV ČR a UK |7 ko2002103631 | |
| 856 | 4 | 1 | |u http://www.digitalniknihovna.cz/mzk/uuid/uuid:ab0d76a0-5c65-11ea-9076-005056827e52 |y Digitalizovaný dokument |x NDK |
| 910 | 2 | |a BOA001 |b 2-1159.735 | |
| 990 | |a BK | ||
| 995 | |a 01 | ||
| 991 | |b 200511 |c NOV | ||
| 996 | 6 | |b 2610262542 |c 2-1159.735 |l MZK |r Sklad / do 1 hodiny |n 21 |p p.v. ; nelze digi. |w 000795978 |u 000010 |a 1 |e BOA001 |j MZK50 |s P | |
English
Čeština 